| 000 | 00648nam a2200193 a 4500 | ||
|---|---|---|---|
| 001 | 000044371 | ||
| 003 | OSt | ||
| 005 | 20210225124651.0 | ||
| 008 | 140626s2008 bl a 000 0 spa d | ||
| 020 | _a9788575961346 | ||
| 040 |
_aDO-SdBNP _bspa _cBNPHU |
||
| 082 |
_axxxxx _bxxxxx |
||
| 100 | 1 |
_aArmani, Domingos _972376 |
|
| 245 | 1 | 0 |
_aMobilizar para transformar : _ba mobilização de recursos nas organizaçoes da sociedade civil / _cDomingos Armani. |
| 260 |
_aSao Paulo, Brasil : _bPetrópolis, _c2008. |
||
| 300 |
_a196 p. : _bil. ; _c24 cm. |
||
| 504 | _aIncluye referencias bibligráficas y notas al pie de las páginas | ||
| 942 |
_2ddc _cLBS1 |
||
| 999 |
_c43860 _d43860 |
||